000 00312nam a22001337a 4500
008 250304b |||||||| |||| 00| 0 eng d
020 _a10148124
050 _aHD7391
_b.H68
100 _aWashington D. S.
245 _aA World Bank Policy Paper
260 _aU.S.A
_bMiguel
_c1993
300 _a159p.
942 _cBK
999 _c2066
_d2066